[Event "Voronezh op-A 20th"]
[Site "Voronezh"]
[Date "2016.06.15"]
[Round "4"]
[White "Kostin, Alexey"]
[Black "Vastrukhin, Oleg"]
[Result "1/2-1/2"]
[WhiteElo "2299"]
[BlackElo "2394"]
[PlyCount "79"]
[EventDate "2016.06.12"]
[EventType "swiss"]
[EventRounds "9"]
[EventCountry "RUS"]
[SourceTitle "EXT 2019"]
[Source "ChessBase"]
[SourceDate "2018.10.10"]
[SourceVersion "1"]
[SourceVersionDate "2018.10.10"]
[SourceQuality "1"]

1. e4 g6 2. d4 Bg7 3. Nc3 c6 4. Bc4 d5 5. exd5 b5 6. Bb3 b4 7. Na4 cxd5 8. Nf3 Nf6 9. 0-0 0-0 10. Re1 Bg4 11. h3 Bxf3 12. Qxf3 Nc6 13. Be3 e6 14. a3 a5 15. Nc5 Nd7 16. Ba4 Rc8 17. Nxd7 Qxd7 18. axb4 axb4 19. Qe2 Qc7 20. Qd2 Qb6 21. Bxc6 Rxc6 22. Ra4 Rc4 23. b3 Rc3 24. Rea1 Rfc8 25. R1a2 h5 26. Ra6 Qb8 27. Bf4 Qb5 28. Ra7 Qb6 29. Be5 Bxe5 30. dxe5 R3c7 31. R7a4 Rb7 32. Qf4 Qc7 33. Qf6 Qe7 34. Ra8 Qf8 35. Rxc8 Qxc8 36. Ra6 Rb8 37. Ra7 Rb7 38. Ra6 Rb8 39. Ra7 Rb7 40. Ra6 1/2-1/2

[Event "RUS-chT2"]
[Site "Sochi"]
[Date "2016.05.05"]
[Round "5.8"]
[White "Kostin, Alexey"]
[Black "Murzin, Volodar"]
[Result "1-0"]
[WhiteElo "2288"]
[BlackElo "2170"]
[PlyCount "85"]
[EventDate "2016.05.01"]
[EventType "team-swiss"]
[EventRounds "9"]
[EventCountry "RUS"]
[SourceTitle "EXT 2018"]
[Source "ChessBase"]
[SourceDate "2017.10.13"]
[SourceVersion "1"]
[SourceVersionDate "2017.10.13"]
[SourceQuality "1"]
[WhiteTeam "Voronezh"]
[BlackTeam "Nizhny Tagil Politekhnik"]
[WhiteTeamCountry "RUS"]
[BlackTeamCountry "RUS"]

1. e4 c5 2. Nf3 d6 3. c3 Nf6 4. h3 g6 5. Bd3 Bg7 6. 0-0 0-0 7. Bc2 e5 8. d4 cxd4 9. cxd4 Nc6 10. Nc3 Re8 11. d5 Nd4 12. Be3 Nxc2 13. Qxc2 Bd7 14. Qb3 b6 15. Rfc1 b5 16. Nd2 a6 17. a4 bxa4 18. Qa3 Bb5 19. Nxb5 axb5 20. Rc6 Bf8 21. Bb6 Qd7 22. Qf3 Bg7 23. Bc7 Rec8 24. Rac1 Ne8 25. Ba5 Rcb8 26. Bb4 Bh6 27. Qa3 Qb7 28. R1c2 Bxd2 29. Rxd2 Rc8 30. Rdc2 Rxc6 31. dxc6 Qc7 32. Qd3 Rb8 33. Qd5 Kg7 34. g3 f6 35. Qe6 Qc8 36. Qe7+ Kg8 37. c7 Ra8 38. Bxd6 Nxd6 39. Qxd6 Kg7 40. Qe7+ Kh6 41. Rd2 Qxh3 42. Rd8 Qg4 43. Qxf6 1-0

[Event "Voronezh op-A 19th"]
[Site "Voronezh"]
[Date "2015.06.20"]
[Round "9"]
[White "Sorokin, Aleksey"]
[Black "Kostin, Alexey"]
[Result "0-1"]
[WhiteElo "2383"]
[BlackElo "2272"]
[PlyCount "142"]
[EventDate "2015.06.12"]
[EventType "swiss"]
[EventRounds "9"]
[EventCountry "RUS"]
[SourceTitle "CBM 167 Extra"]
[Source "ChessBase"]
[SourceDate "2015.09.14"]
[SourceVersion "1"]
[SourceVersionDate "2015.09.14"]
[SourceQuality "1"]

1. d4 Nf6 2. c4 e6 3. Nf3 b6 4. a3 Bb7 5. Nc3 d5 6. cxd5 Nxd5 7. e3 Be7 8. Bb5+ c6 9. Bd3 0-0 10. e4 Nxc3 11. bxc3 Nd7 12. 0-0 c5 13. Qe2 cxd4 14. cxd4 Rc8 15. Bb2 Nf6 16. Ne5 Qc7 17. f4 Bd6 18. Kh1 Qe7 19. Rf3 Rc7 20. Rg3 Rfc8 21. h3 Ne8 22. Rf3 f5 23. exf5 Bxf3 24. Qxf3 Nf6 25. Ba6 Rf8 26. Bc4 Rxc4 27. Nxc4 exf5 28. d5 Ne4 29. Nxd6 Qxd6 30. Rd1 Qc5 31. Kh2 Qf2 32. Qxf2 Nxf2 33. Rd2 Ne4 34. Rc2 Nc5 35. Bd4 Kf7 36. Bxc5 Rc8 37. d6 Rxc5 38. Re2 Kf6 39. Re7 Ra5 40. Re8 Rd5 41. Rd8 Ke6 42. Rg8 Rxd6 43. Rxg7 Rd7 44. Rg3 b5 45. Re3+ Kd5 46. Rd3+ Kc6 47. Rc3+ Kb6 48. g4 a5 49. gxf5 b4 50. axb4 axb4 51. Re3 Kc5 52. f6 Rf7 53. Re7 Rxf6 54. Rxh7 b3 55. Rc7+ Rc6 56. Re7 b2 57. Re1 Kd4 58. Rb1 Kc3 59. Kg3 Kc2 60. Rf1 Kb3 61. Rb1 Rc1 62. Rxb2+ Kxb2 63. Kg4 Kc3 64. h4 Kd4 65. h5 Kd5 66. Kf5 Rc6 67. Kg5 Ke6 68. Kg6 Ke7+ 69. Kg7 Rc1 70. h6 Rg1+ 71. Kh8 Kf7 0-1